| 000 | 00549nam a22001577a 4500 | ||
|---|---|---|---|
| 008 | 100726s1995 xxu||||| |||| 00| 0 ara d | ||
| 082 |
_222 _a297.48 _bب د و |
||
| 245 |
_aشخصيات قلقة : _bفي الإسلام / _cعبد الرحمن بدوي |
||
| 250 | _aط3. | ||
| 260 |
_aالقاهرة : _bسينا للنشر ، _c1995. |
||
| 300 |
_a305 ص ؛ _c20 سم. |
||
| 504 | _aيشتمل على إرجاعات ببليوجرافية | ||
| 541 |
_aألف باء ؛ _cشراء ؛ |
||
| 650 |
_916077 _aالمتصوفون |
||
| 942 |
_2ddc _cBB |
||
| 999 |
_c14552 _d14552 |
||